Länder, in denen Cricket die beliebteste Sportart ist - Statistiken

Allgemein
  • Dieses Quiz wurde 8.477 mal gespielt
  • Das Durchschnittsergebnis liegt bei 8 aus 14
Antwortstatistiken
Kontinent Land % Korrekt
Asien Indien
97%
Asien Pakistan
79%
Asien Bangladesch
63%
Asien Nepal
52%
Nordamerika St. Lucia
52%
Nordamerika St. Vincent und die Grenadinen
51%
Nordamerika St. Kitts und Nevis
50%
Asien Afghanistan
49%
Nordamerika Barbados
49%
Nordamerika Trinidad und Tobago
48%
Nordamerika Antigua und Barbuda
46%
Nordamerika Grenada
45%
Asien Sri Lanka
44%
Südamerika Guyana
43%
Keine übereinstimmenden Quizze gefunden
Verteilung der Resultate
Anzahl Personen mit jedem Resultat
Perzentil nach korrekt beantworteten Fragen
Ihre Resultats-Entwicklung
Sie haben dieses Quiz noch nicht gespielt